000 00520nam a2200169Ia 4500
003 3228
005 20241127125445.0
008 210817s9999 xx ed 000 1 AFR d
020 _a187492726X
_qHardcover (hbk)
040 _aRDA
_c3228
082 _aLP AF VANZ
100 _avan Zyl, Irene
_913180
245 0 _aDie plaasvervanger
_b en ander liefdesverhale
_cIrene van Zyl; Omslagontwerp: Rassie Erasmus
260 _aPretoria
_bDaan Retief / Kennis Onbeperk
_c1992
300 _a260 Pages;
_c21 cm.
942 _cBK
_2ddc
_y245
_zIzakina Blanche
999 _c179185
_d179183